Khảo sát phổ gamma của một số mẫu môi trường bằng Detector HPGE với hệ MCA (FLASH - ADC/FPGA ) : Luận văn Thạc sĩ Vật lý chuyên ngành Vật lý Kỹ thuật

Đề tài nghiên cứu về tương tác ủa bức xạ hạt nhân với vật chất, nêu lên những nguyên nhân ảnh hưởng đến sự hình thành phổ gamma của bức xạ hạt nhân. Liệt kê một số tai nạn về phóng xạ nghiêm trọng trên thế giới. Nghiên cứu về câ...

Disgrifiad llawn

Wedi'i Gadw mewn:
Manylion Llyfryddiaeth
Prif Awdur: Võ, Mạnh Huỳnh
Fformat: Llyfr
Iaith:Undetermined
Cyhoeddwyd: Cần Thơ Trường Đại học Cần Thơ 2011
Pynciau:
Tagiau: Ychwanegu Tag
Dim Tagiau, Byddwch y cyntaf i dagio'r cofnod hwn!
Thư viện lưu trữ: Trung tâm Học liệu Trường Đại học Cần Thơ
LEADER 01422nam a2200217Ia 4500
001 CTU_166857
008 210402s9999 xx 000 0 und d
082 |a 537.5352 
082 |b H531 
088 |a 60440103 
100 |a Võ, Mạnh Huỳnh 
245 0 |a Khảo sát phổ gamma của một số mẫu môi trường bằng Detector HPGE với hệ MCA (FLASH - ADC/FPGA ) : 
245 0 |b Luận văn Thạc sĩ Vật lý chuyên ngành Vật lý Kỹ thuật 
245 0 |c Võ Mạnh Huỳnh ; Võ Hồng Hải ( Hướng dẫn khoa học) 
260 |a Cần Thơ 
260 |b Trường Đại học Cần Thơ 
260 |c 2011 
520 |a Đề tài nghiên cứu về tương tác ủa bức xạ hạt nhân với vật chất, nêu lên những nguyên nhân ảnh hưởng đến sự hình thành phổ gamma của bức xạ hạt nhân. Liệt kê một số tai nạn về phóng xạ nghiêm trọng trên thế giới. Nghiên cứu về cấu tạo từng phần và nguyên tắc hoạt động của hệ phổ kế gamma phông thấp HPGe trong việc ghi nhận phổ gamma của phóng xạ môi trường. 
650 |a Gamma ray spectrometry,Phổ tia Gamma 
904 |i Hải 
980 |a Trung tâm Học liệu Trường Đại học Cần Thơ